[Event "MPL Indian Chess Tour #1"]
[Site "chess24.com INT"]
[Date "2022.03.31"]
[Round "1.1"]
[White "Adhiban, Baskaran"]
[Black "Sethuraman, S.P."]
[Result "1/2-1/2"]
[WhiteTitle "GM"]
[BlackTitle "GM"]
[WhiteElo "2648"]
[BlackElo "2619"]
[WhiteFideId "5018471"]
[BlackFideId "5021596"]
[EventDate "2022.03.31"]

1. e4 c5 2. Nf3 Nc6 3. Bc4 e6 4. O-O Nf6 5. Re1 Nxe4 6. Rxe4 d5 7. Bxd5 Qxd5 8.
Nc3 Qf5 9. d4 cxd4 10. Nxd4 Nxd4 11. Rxd4 Be7 12. Be3 O-O 13. Qe2 Bf6 14. Rf4
Qg6 15. Rg4 Qf5 16. Ne4 e5 17. h3 Kh8 18. Ng3 Qe6 19. Nh5 Bd7 20. Bg5 Rg8 21.
Nxf6 gxf6 22. Bh4 Bc6 23. Re1 Rg6 24. Rxg6 hxg6 25. f4 exf4 26. Qxe6 fxe6 27.
Bxf6+ Kg8 28. Rxe6 Kf7 29. Rd6 Re8 30. Bd4 Re1+ 31. Kf2 Rc1 32. Rf6+ Ke7 33.
Rxg6 Rxc2+ 34. Kg1 Rc1+ 35. Kf2 Rc2+ 36. Kg1 Rc1+ 37. Kh2 Rc2 38. h4 f3 39. Rg7+
Ke6 40. Rg6+ Ke7 41. Rg7+ Ke6 42. Rg6+ Ke7 1/2-1/2

[Event "MPL Indian Chess Tour #1"]
[Site "chess24.com INT"]
[Date "2022.03.31"]
[Round "1.3"]
[White "Ganguly, Surya Shekhar"]
[Black "Sankalp, Gupta"]
[Result "1/2-1/2"]
[WhiteTitle "GM"]
[BlackTitle "GM"]
[WhiteElo "2609"]
[BlackElo "2536"]
[WhiteFideId "5002150"]
[BlackFideId "5097010"]
[EventDate "2022.03.31"]

1. Nf3 d5 2. e3 c5 3. b3 Nc6 4. Bb5 f6 5. c4 d4 6. b4 e5 7. d3 Bd6 8. Nbd2 Ne7
9. Ne4 dxe3 10. fxe3 cxb4 11. c5 Bc7 12. Qb3 a6 13. Ba4 Qd5 14. O-O Be6 15. Qxb4
O-O-O 16. Qb2 Qxd3 17. Nd6+ Bxd6 18. Rb1 Rd7 19. cxd6 Qxd6 20. Bd2 Bd5 21. Bb4
Qxb4 22. Qxb4 Nxb4 23. Bxd7+ Kxd7 24. Rxb4 b5 25. Nd2 Rc8 26. a4 Rc2 27. Rd1 Kc6
28. axb5+ axb5 29. e4 Be6 30. Nb3 Nc8 31. Rd8 Nd6 32. Na5+ Kc7 33. Ra8 Kb6 34.
Rb1 Ra2 35. Rd8 Nxe4 36. Rb8+ Kc7 37. Rb7+ Kd6 38. Rb6+ Kd7 39. Rb7+ Ke8 40. Nc6
Bc4 41. Rxg7 Nc3 42. Re1 Kf8 43. Rxh7 Bd5 44. Nb4 Rxg2+ 45. Kf1 Rg7 46. Rxg7
Bc4+ 47. Kf2 Kxg7 48. Rg1+ Kh6 49. Nc6 Nd5 50. Na5 Bd3 51. Nb3 f5 52. Nc5 Bc4
53. Nd7 e4 54. Ne5 Nf4 55. Ke3 Nd3 56. Nxc4 bxc4 57. Kd4 Kh5 58. Kxc4 Nf2 59.
Kd4 f4 60. Rf1 e3 61. Re1 Kg4 62. Rxe3 fxe3 63. Kxe3 Kh3 64. Kxf2 Kxh2 1/2-1/2

[Event "MPL Indian Chess Tour #1"]
[Site "chess24.com INT"]
[Date "2022.03.31"]
[Round "1.4"]
[White "Mendonca, Leon Luke"]
[Black "Puranik, Abhimanyu"]
[Result "1/2-1/2"]
[WhiteTitle "GM"]
[BlackTitle "GM"]
[WhiteElo "2536"]
[BlackElo "2618"]
[WhiteFideId "35028561"]
[BlackFideId "5061245"]
[EventDate "2022.03.31"]

1. d4 Nf6 2. c4 g6 3. Nc3 d5 4. Nf3 Bg7 5. Bg5 Ne4 6. Bf4 Nxc3 7. bxc3 O-O 8. e3
c5 9. cxd5 Qxd5 10. Be2 Nc6 11. O-O cxd4 12. cxd4 Bf5 13. Qa4 Rac8 14. Rac1 Qa5
15. Qxa5 Nxa5 16. Nd2 Be6 17. a3 Bd5 18. h4 e6 19. g4 Rfe8 20. Bb5 Bc6 21. Bxc6
Nxc6 22. Ne4 e5 23. Bg3 Rcd8 24. Nc5 Na5 25. Ne4 exd4 26. Bc7 Rd5 27. Nd6 Re7
28. e4 Rde5 29. f4 Nb3 30. fxe5 Nxc1 31. Rxc1 Bxe5 32. Bd8 Rd7 33. Nc4 Bf4 34.
Rf1 b5 35. Rxf4 bxc4 36. Bf6 c3 37. Rf1 c2 38. Bg5 d3 39. Bd2 f5 40. gxf5 gxf5
41. Kf2 fxe4 42. Ke3 Re7 43. Rf4 Rc7 44. Bc1 Rg7 45. Rxe4 Rg1 46. Kxd3 Rxc1 47.
Ra4 Rd1+ 48. Kxc2 Rd7 49. Kc3 Rg7 50. Kd3 h6 51. Kc4 h5 52. Kb5 Kh7 53. Rc4 Rg4
54. a4 a6+ 55. Kc5 Kg6 56. Rd4 Rxd4 57. Kxd4 Kf5 58. a5 Kg4 59. Kc5 Kxh4 60. Kb6
Kg5 61. Kxa6 h4 62. Kb7 h3 63. a6 h2 64. a7 h1=Q+ 65. Kb8 Qh8+ 66. Kb7 Qg7+ 67.
Kb8 Qxa7+ 68. Kxa7 1/2-1/2

[Event "MPL Indian Chess Tour #1"]
[Site "chess24.com INT"]
[Date "2022.03.31"]
[Round "1.5"]
[White "Narayanan, S.L."]
[Black "Lalith, Babu M R"]
[Result "1/2-1/2"]
[WhiteTitle "GM"]
[BlackTitle "GM"]
[WhiteElo "2658"]
[BlackElo "2558"]
[WhiteFideId "5058422"]
[BlackFideId "5024595"]
[EventDate "2022.03.31"]

1. d4 Nf6 2. c4 e6 3. Nc3 Bb4 4. Nf3 c5 5. e3 O-O 6. Bd3 b6 7. O-O cxd4 8. exd4
Bb7 9. Bg5 Be7 10. Qe2 d6 11. Rfe1 Nbd7 12. Rad1 Re8 13. h3 Rc8 14. b4 Nf8 15.
Bf4 Ng6 16. Bh2 a5 17. a3 axb4 18. axb4 Ra8 19. Ra1 Qd7 20. Rxa8 Rxa8 21. d5 e5
22. Nd2 Bf8 23. Bg3 Ra3 24. Nde4 Nxe4 25. Nxe4 h6 26. h4 Ne7 27. c5 bxc5 28.
bxc5 Bxd5 29. Nxd6 Nc6 30. Bf5 Qd8 31. Rd1 Bb3 32. Rd3 Qa5 33. Qe4 Qxc5 34. Rxb3
Ra1+ 35. Kh2 Qxd6 36. Rd3 Qc5 37. Bg4 Rc1 38. Rd7 Qc4 39. Qxc4 Rxc4 40. Bf3 e4
41. Be2 Rc5 42. Bd1 Ne5 43. Rd8 g6 44. Re8 f6 45. Bb3+ Kg7 46. Bxe5 fxe5 47. Rd8
Rc7 48. g3 Bc5 49. Kg2 Rb7 50. Bd5 Rb2 51. Rd7+ Kf8 52. Bxe4 Rxf2+ 53. Kh3 Rf6
54. Kg4 Be3 55. h5 gxh5+ 56. Kxh5 Bg5 1/2-1/2

[Event "MPL Indian Chess Tour #1"]
[Site "chess24.com INT"]
[Date "2022.03.31"]
[Round "1.6"]
[White "Karthikeyan, Murali"]
[Black "Iniyan, P"]
[Result "1/2-1/2"]
[WhiteTitle "GM"]
[BlackTitle "GM"]
[WhiteElo "2622"]
[BlackElo "2516"]
[WhiteFideId "5074452"]
[BlackFideId "25002767"]
[EventDate "2022.03.31"]

1. Nf3 Nf6 2. c4 e6 3. g3 b6 4. Bg2 Bb7 5. O-O Be7 6. Nc3 O-O 7. d4 d5 8. cxd5
exd5 9. Bf4 Nbd7 10. Rc1 Nh5 11. Be3 Nhf6 12. Ne5 c6 13. f4 c5 14. h3 cxd4 15.
Bxd4 Nc5 16. Qd2 Rc8 17. Rfd1 Nfe4 18. Qe1 Ne6 19. Be3 Nxc3 20. Rxc3 Rxc3 21.
bxc3 Qa8 22. Qd2 Rd8 23. Qc2 Qc8 24. Kh2 Bf6 25. Qb3 Bxe5 26. fxe5 Qc7 27. Bd4
h5 28. h4 Nc5 29. Qb1 Ne4 30. Qc1 Rc8 31. Qf4 Qe7 32. Rc1 Rc4 33. Qf5 g6 34. Qf4
Nc5 35. Rf1 Ne6 36. Qd2 Ra4 37. Rf6 Ra5 38. Bf3 Bc8 39. Qb2 Bd7 40. Qd2 Ng7 41.
Bf2 Be6 42. Bd4 Qa3 43. Qg5 Qxa2 44. Rf4 Qa3 45. g4 hxg4 46. Bxg4 Bxg4 47. Rxg4
Qf8 48. h5 Ne6 49. Qf6 Qh6 50. Rxg6+ fxg6 51. Qxe6+ Kf8 52. Qf6+ Ke8 53. Qe6+
Kf8 54. Qc8+ Ke7 55. Qc7+ Ke8 56. Qc6+ Kf8 57. Qf6+ Ke8 58. Qe6+ Kf8 1/2-1/2

[Event "MPL Indian Chess Tour #1"]
[Site "chess24.com INT"]
[Date "2022.03.31"]
[Round "1.7"]
[White "Aryan, Chopra"]
[Black "Gupta, Abhijeet"]
[Result "1/2-1/2"]
[WhiteTitle "GM"]
[BlackTitle "GM"]
[WhiteElo "2585"]
[BlackElo "2628"]
[WhiteFideId "5084423"]
[BlackFideId "5010608"]
[EventDate "2022.03.31"]

1. d4 d5 2. Nf3 Nc6 3. Bf4 Bg4 4. Nbd2 e6 5. e3 Bd6 6. Bg3 Nf6 7. c4 O-O 8. Be2
dxc4 9. Nxc4 Bb4+ 10. Kf1 Ne4 11. a3 Bd6 12. Rc1 a6 13. Nfe5 Bxe2+ 14. Qxe2 Nxe5
15. Bxe5 b5 16. Bxd6 cxd6 17. Nd2 Nxd2+ 18. Qxd2 Rc8 19. Rxc8 Qxc8 20. Ke2 Qc4+
21. Qd3 Qc6 22. f3 Rc8 23. Rd1 d5 24. Kd2 g6 25. f4 Kg7 26. Qb1 Qb6 27. Rc1 Rb8
28. b4 a5 29. Rc5 Ra8 30. Ke2 axb4 31. Qxb4 Qa6 32. Kf3 Qxa3 33. Qxa3 Rxa3 34.
Rxb5 h5 35. h3 h4 36. Rb7 Ra2 37. Rc7 Kf6 38. Rb7 Ra3 39. Rc7 Ra1 40. Rb7 Rf1+
41. Ke2 Ra1 42. Kf3 Ra3 43. Rc7 Rb3 44. Rc8 Kg7 45. Rc7 Ra3 46. Rb7 Ra2 47. Rc7
Ra3 48. Rb7 1/2-1/2

[Event "MPL Indian Chess Tour #1"]
[Site "chess24.com INT"]
[Date "2022.03.31"]
[Round "2.1"]
[White "Sethuraman, S.P."]
[Black "Sadhwani, Raunak"]
[Result "0-1"]
[WhiteTitle "GM"]
[BlackTitle "GM"]
[WhiteElo "2619"]
[BlackElo "2616"]
[WhiteFideId "5021596"]
[BlackFideId "35093487"]
[EventDate "2022.03.31"]

1. d4 Nf6 2. c4 e6 3. Nc3 Bb4 4. Qc2 Nc6 5. e3 a5 6. Bd3 d6 7. Ne2 e5 8. O-O
Bxc3 9. bxc3 O-O 10. e4 Re8 11. f4 exd4 12. Nxd4 Bd7 13. Bd2 h6 14. Rae1 Re7 15.
c5 dxc5 16. Nxc6 Bxc6 17. e5 Rd7 18. exf6 Rxd3 19. Be3 Qd7 20. f5 Re8 21. Qf2
Qd5 22. c4 Qxg2+ 23. Qxg2 Bxg2 24. Bxh6 Rxe1 25. Rxe1 gxh6 26. Kxg2 Rd6 27. Re7
Rxf6 28. Rxc7 b6 29. Rb7 Kg7 30. Kg3 Rd6 31. Kf4 Kf6 32. Kf3 h5 33. Kg3 Kxf5 34.
Rxf7+ Ke4 35. Kh4 Rd2 36. Re7+ Kf5 37. h3 Rxa2 38. Kxh5 Ra4 39. Rb7 Rb4 40. h4
a4 41. Rb8 a3 42. Ra8 Rxc4 43. Rxa3 b5 44. Rf3+ Rf4 45. Rd3 Ke5 46. Kg5 Rf8 47.
Kg6 c4 48. Rd7 b4 49. h5 c3 50. h6 c2 51. Rc7 b3 52. Kg7 Rb8 53. h7 b2 54. Rxc2
b1=Q 55. Re2+ Kf4 0-1

[Event "MPL Indian Chess Tour #1"]
[Site "chess24.com INT"]
[Date "2022.03.31"]
[Round "2.3"]
[White "Iniyan, P"]
[Black "Aryan, Chopra"]
[Result "1/2-1/2"]
[WhiteTitle "GM"]
[BlackTitle "GM"]
[WhiteElo "2516"]
[BlackElo "2585"]
[WhiteFideId "25002767"]
[BlackFideId "5084423"]
[EventDate "2022.03.31"]

1. e4 c6 2. d4 d5 3. exd5 cxd5 4. c4 Nf6 5. Nc3 Nc6 6. Nf3 Bg4 7. cxd5 Nxd5 8.
Qb3 Bxf3 9. gxf3 e6 10. Qxb7 Nxd4 11. Bb5+ Nxb5 12. Qc6+ Ke7 13. Qxb5 Qd7 14.
Nxd5+ Qxd5 15. Qxd5 exd5 16. Be3 Ke6 17. O-O-O Bb4 18. a3 Rhc8+ 19. Kb1 Bc5 20.
Rhe1 Bxe3 21. Rxe3+ Kd6 22. Red3 Rc5 23. Rd4 a5 24. Rh4 h6 25. Rg1 g6 26. Rxh6
Re8 27. Rh7 Rc7 28. Rc1 Rxc1+ 29. Kxc1 Re2 30. Rxf7 Rxf2 31. h4 Kc5 32. Rg7 Rxf3
33. Rxg6 Rh3 34. Ra6 Kb5 35. Rd6 Kc5 36. Ra6 Kb5 37. Rd6 Kc5 38. Ra6 1/2-1/2

[Event "MPL Indian Chess Tour #1"]
[Site "chess24.com INT"]
[Date "2022.03.31"]
[Round "2.4"]
[White "Lalith, Babu M R"]
[Black "Karthikeyan, Murali"]
[Result "1/2-1/2"]
[WhiteTitle "GM"]
[BlackTitle "GM"]
[WhiteElo "2558"]
[BlackElo "2622"]
[WhiteFideId "5024595"]
[BlackFideId "5074452"]
[EventDate "2022.03.31"]

1. d4 Nf6 2. Nf3 d5 3. c4 e6 4. Nc3 Ne4 5. Qc2 Nxc3 6. Qxc3 a5 7. Bg5 f6 8. Bd2
Bb4 9. Qc2 Bxd2+ 10. Nxd2 Nc6 11. e3 e5 12. dxe5 d4 13. a3 dxe3 14. fxe3 Nxe5
15. O-O-O Qe7 16. Qc3 Bg4 17. Re1 O-O 18. Be2 Rfd8 19. Nf3 Nc6 20. Nd4 Nxd4 21.
Bxg4 Nc6 22. Rd1 Ne5 23. Be2 b6 24. Rd4 c5 25. Rd5 Rxd5 26. cxd5 Rd8 27. Rd1 Rd6
28. h3 Qf7 29. e4 Qg6 30. Bf3 Qe8 31. Be2 a4 32. Qe3 Rd8 33. Kb1 Rd6 34. g3 c4
35. Qd4 b5 36. Qc5 Qd7 37. g4 Nf7 38. h4 Qe8 39. Qd4 Qe7 40. Rf1 h6 41. Bd1 g5
42. hxg5 hxg5 43. Rh1 Kg7 44. Bc2 Rd8 45. Qb6 Ne5 46. Qxb5 c3 47. Qxa4 cxb2 48.
Qb4 Qc7 49. Qb3 Rc8 50. d6 Qxd6 51. Qb7+ Qc7 52. Qxc7+ Rxc7 53. Kxb2 Rc5 54. Rg1
Nc4+ 55. Kb3 Nd2+ 56. Kb2 Nc4+ 57. Kb3 Nd2+ 58. Kb2 Nc4+ 1/2-1/2

[Event "MPL Indian Chess Tour #1"]
[Site "chess24.com INT"]
[Date "2022.03.31"]
[Round "2.5"]
[White "Puranik, Abhimanyu"]
[Black "Narayanan, S.L."]
[Result "1/2-1/2"]
[WhiteTitle "GM"]
[BlackTitle "GM"]
[WhiteElo "2618"]
[BlackElo "2658"]
[WhiteFideId "5061245"]
[BlackFideId "5058422"]
[EventDate "2022.03.31"]

1. e4 e5 2. Nf3 Nc6 3. Bb5 a6 4. Ba4 Nf6 5. O-O b5 6. Bb3 Bc5 7. a4 Rb8 8. Nxe5
Nxe5 9. d4 Bxd4 10. Qxd4 d6 11. axb5 axb5 12. f4 Nc6 13. Qc3 Ne7 14. Ra7 c5 15.
e5 Nfd5 16. Bxd5 Nxd5 17. Qf3 Qb6 18. Rxf7 Kxf7 19. Qxd5+ Be6 20. Qd1 Bf5 21.
Qd5+ Be6 22. Qd1 c4+ 23. Kh1 Bf5 24. Qd5+ Be6 25. Qd1 Bf5 26. Qd5+ Be6 27. Qd1 1/2-1/2

[Event "MPL Indian Chess Tour #1"]
[Site "chess24.com INT"]
[Date "2022.03.31"]
[Round "2.6"]
[White "Sankalp, Gupta"]
[Black "Mendonca, Leon Luke"]
[Result "0-1"]
[WhiteTitle "GM"]
[BlackTitle "GM"]
[WhiteElo "2536"]
[BlackElo "2536"]
[WhiteFideId "5097010"]
[BlackFideId "35028561"]
[EventDate "2022.03.31"]

1. e4 c5 2. Nf3 d6 3. d4 cxd4 4. Nxd4 Nf6 5. Nc3 a6 6. Be3 e5 7. Nf3 Be7 8. Nd2
b5 9. a4 b4 10. Nd5 Nxd5 11. exd5 O-O 12. Nc4 Nd7 13. a5 f5 14. f3 Rb8 15. Ba7
Rb7 16. Bf2 e4 17. Be2 exf3 18. Bxf3 Rc7 19. Be2 Ne5 20. Nxe5 dxe5 21. Bb6 Bd6
22. Qd3 e4 23. Qb3 Qe7 24. Bxc7 Qxc7 25. Qc4 Qd8 26. O-O-O Qxa5 27. Kb1 Bd7 28.
Qxa6 Qc5 29. Qc4 Qa7 30. Qa6 Qc5 31. Rd4 Qxd4 32. Qxd6 Qa7 33. Qa6 Qxa6 34. Bxa6
Kf7 35. Rd1 Kf6 36. c4 bxc3 37. bxc3 Ke5 38. Be2 f4 39. c4 Rc8 40. Kb2 g5 41. h3
Kd6 42. Kc3 Ke5 43. d6 Bc6 44. Kb4 f3 45. gxf3 exf3 46. Bf1 h5 47. Ka5 g4 48.
hxg4 hxg4 49. Kb6 Bd7 50. Kb7 g3 51. Rd2 Rg8 52. Kc7 Rg7 53. Kd8 Be6 54. Rd1 g2
55. Re1+ Kxd6 56. Rd1+ Kc5 57. Bxg2 fxg2 0-1

[Event "MPL Indian Chess Tour #1"]
[Site "chess24.com INT"]
[Date "2022.03.31"]
[Round "2.8"]
[White "Adhiban, Baskaran"]
[Black "Harika, Dronavalli"]
[Result "1/2-1/2"]
[WhiteTitle "GM"]
[BlackTitle "GM"]
[WhiteElo "2648"]
[BlackElo "2517"]
[WhiteFideId "5018471"]
[BlackFideId "5015197"]
[EventDate "2022.03.31"]

1. e4 c5 2. Nf3 e6 3. b3 a6 4. Bb2 Nc6 5. c4 d6 6. d4 cxd4 7. Nxd4 Nf6 8. Nc3
Be7 9. g3 O-O 10. Bg2 Bd7 11. O-O Rc8 12. a4 Qa5 13. Nce2 Rfd8 14. h3 Bf8 15.
Bc3 Qc7 16. Rc1 Qb8 17. Kh1 Nxd4 18. Bxd4 b5 19. cxb5 axb5 20. a5 e5 21. Bb6
Rxc1 22. Nxc1 Rc8 23. Nd3 Bc6 24. Re1 Nd7 25. Be3 Qa8 26. Bd2 d5 27. Qe2 Re8 28.
Kg1 dxe4 29. Bxe4 Bxe4 30. Qxe4 Qxe4 31. Rxe4 f5 32. Re1 e4 33. Kg2 Rd8 34. Nf4
Nc5 35. Be3 Nxb3 36. Rb1 Nxa5 37. Bb6 Ra8 38. Ra1 Ra6 39. Nd5 Rxb6 40. Nxb6 Nc4
41. Nxc4 bxc4 42. Rc1 Kf7 43. Rxc4 Bd6 44. Ra4 h5 45. g4 hxg4 46. hxg4 g6 47.
Ra7+ Ke6 48. Kh3 Ke5 49. Ra6 Bc5 50. Ra5 Kd6 51. Ra6+ Ke5 52. Kg3 fxg4 53. Ra8
Kd5 54. Re8 Bd4 55. Rd8+ Kc4 56. Re8 Kd3 57. Re6 g5 58. Re8 e3 59. fxe3 Bxe3 60.
Kxg4 Bf4 61. Kf3 Kd4 62. Re4+ Kd5 63. Re1 Kd4 64. Re4+ Kd5 65. Rxf4 gxf4 66.
Kxf4 1/2-1/2

[Event "MPL Indian Chess Tour #1"]
[Site "chess24.com INT"]
[Date "2022.03.31"]
[Round "3.1"]
[White "Harika, Dronavalli"]
[Black "Sethuraman, S.P."]
[Result "1/2-1/2"]
[WhiteTitle "GM"]
[BlackTitle "GM"]
[WhiteElo "2517"]
[BlackElo "2619"]
[WhiteFideId "5015197"]
[BlackFideId "5021596"]
[EventDate "2022.03.31"]

1. e4 c5 2. Nf3 e6 3. d4 cxd4 4. Nxd4 Nc6 5. Nc3 Qc7 6. Be3 a6 7. a3 Be7 8. f4
b5 9. Nxc6 dxc6 10. Be2 Bb7 11. O-O c5 12. Bf3 b4 13. axb4 cxb4 14. Na4 Nf6 15.
e5 Nd7 16. Bxb7 Qxb7 17. Qf3 Qxf3 18. Rxf3 Rc8 19. Rf2 O-O 20. Rd2 Rc7 21. Kf1
Rb8 22. Rad1 Rbb7 23. Ke2 g6 24. b3 a5 25. Kf3 Kf8 26. g4 Ke8 27. h4 Rb8 28. h5
g5 29. fxg5 Nxe5+ 30. Kg3 Rb5 31. Bf4 Rd7 32. c4 bxc3 33. Nxc3 Rxd2 34. Rxd2 Rc5
35. Ne4 Rb5 36. Nc3 Rc5 37. Ne4 Rb5 38. Nc3 1/2-1/2

[Event "MPL Indian Chess Tour #1"]
[Site "chess24.com INT"]
[Date "2022.03.31"]
[Round "3.2"]
[White "Ganguly, Surya Shekhar"]
[Black "Adhiban, Baskaran"]
[Result "1-0"]
[WhiteTitle "GM"]
[BlackTitle "GM"]
[WhiteElo "2609"]
[BlackElo "2648"]
[WhiteFideId "5002150"]
[BlackFideId "5018471"]
[EventDate "2022.03.31"]

1. e4 e5 2. Nf3 Nc6 3. Bc4 Nf6 4. d3 d5 5. exd5 Nxd5 6. O-O Be7 7. h3 O-O 8. Re1
Bf6 9. Nbd2 Nb6 10. Bb3 a5 11. a4 Kh8 12. Ne4 Bf5 13. Be3 Nd5 14. Bc5 Re8 15.
Nxf6 gxf6 16. Nh4 Be6 17. Kh2 Rg8 18. Qf3 Nf4 19. Bxe6 Nxe6 20. Be3 Ncd4 21.
Bxd4 Nxd4 22. Qd1 f5 23. g3 f4 24. c3 Qg5 25. Rg1 Nc6 26. Qf3 f5 27. Ng2 fxg3+
28. fxg3 e4 29. Qf4 exd3 30. Rad1 Qxf4 31. gxf4 Rad8 32. Rge1 Rd7 33. Rd2 Ne7
34. Re3 Nd5 35. Rexd3 Rgd8 36. Ne3 Nb6 37. Rxd7 Rxd7 38. Rxd7 Nxd7 39. b4 axb4
40. cxb4 c5 41. b5 b6 42. Kg2 Kg8 43. Kf3 Kf7 44. Nxf5 Ke6 45. Ne3 Nf6 46. Ke2
Ne4 47. Kd3 Nf2+ 48. Kc4 Nxh3 49. Nd5 Kd6 50. f5 h5 51. Nxb6 h4 52. a5 Nf4 53.
a6 1-0

[Event "MPL Indian Chess Tour #1"]
[Site "chess24.com INT"]
[Date "2022.03.31"]
[Round "3.4"]
[White "Narayanan, S.L."]
[Black "Sankalp, Gupta"]
[Result "1/2-1/2"]
[WhiteTitle "GM"]
[BlackTitle "GM"]
[WhiteElo "2658"]
[BlackElo "2536"]
[WhiteFideId "5058422"]
[BlackFideId "5097010"]
[EventDate "2022.03.31"]

1. c4 e5 2. Nc3 Nf6 3. Nf3 e4 4. Ng5 c6 5. c5 Bxc5 6. Ngxe4 Nxe4 7. Nxe4 Be7 8.
d4 d5 9. Nc3 Bd6 10. g3 h5 11. h4 Bg4 12. Bg2 O-O 13. O-O Re8 14. Qd3 Na6 15. a3
Nc7 16. e4 dxe4 17. Nxe4 Nd5 18. Bg5 Qd7 19. Rfe1 Bf5 20. Qb3 Bxe4 21. Bxe4 Bf8
22. Re2 g6 23. Rae1 Re6 24. Bxd5 cxd5 25. Rxe6 fxe6 26. Qe3 Re8 27. Bf4 Kh7 28.
Be5 Bh6 29. Bf4 Bg7 30. Kg2 a6 31. Qd3 Rc8 32. Re3 Qc6 33. Qe2 Qc2 34. Rxe6 Qxe2
35. Rxe2 Bxd4 36. Rd2 Bf6 37. Rxd5 Bxb2 38. Rd7+ Kg8 39. Rxb7 Bxa3 40. Rb6 Kh7
41. Rxa6 Bb2 42. Ra7+ Kg8 43. Rd7 Bf6 44. Kf3 Re8 45. Rb7 Re7 46. Rb6 Rf7 47.
Ke4 Kh7 48. Be3 Bg7 49. Ra6 Rd7 50. Bc5 Rf7 51. f4 Bc3 52. Rc6 Be1 53. Kf3 Bc3
54. Bd6 Bg7 55. Rc5 Bf8 56. Rc7 Rxc7 57. Bxc7 Kg7 58. Bd8 Kf7 59. g4 hxg4+ 60.
Kxg4 Bb4 61. Kg5 Bd2 62. Bc7 Bc1 63. Be5 Bd2 64. Kg4 Bc1 65. f5 gxf5+ 66. Kxf5
Bd2 67. h5 Bc1 68. Bf4 Bxf4 69. Kxf4 Kg7 70. h6+ Kxh6 1/2-1/2

[Event "MPL Indian Chess Tour #1"]
[Site "chess24.com INT"]
[Date "2022.03.31"]
[Round "3.6"]
[White "Aryan, Chopra"]
[Black "Lalith, Babu M R"]
[Result "1-0"]
[WhiteTitle "GM"]
[BlackTitle "GM"]
[WhiteElo "2585"]
[BlackElo "2558"]
[WhiteFideId "5084423"]
[BlackFideId "5024595"]
[EventDate "2022.03.31"]

1. d4 Nf6 2. Nf3 e6 3. Bf4 b6 4. e3 Bb7 5. Bd3 Be7 6. h3 c5 7. O-O O-O 8. Nbd2
Ba6 9. c4 Nc6 10. Qa4 Bb7 11. Rac1 a6 12. dxc5 bxc5 13. a3 Qb6 14. Qc2 d6 15.
Rfd1 Rad8 16. Bh2 Rd7 17. Nb1 Na5 18. Nc3 Bc6 19. Rb1 Qb3 20. Qe2 Bxf3 21. gxf3
Rfd8 22. Rd2 d5 23. cxd5 Nxd5 24. Nxd5 Rxd5 25. Rbd1 c4 26. Bc2 Qb5 27. Bc7 Rxd2
28. Rxd2 Rxd2 29. Qxd2 Nb7 30. a4 Qc6 31. Bg3 Nc5 32. Qb4 Nd3 33. Qxe7 1-0

[Event "MPL Indian Chess Tour #1"]
[Site "chess24.com INT"]
[Date "2022.03.31"]
[Round "3.8"]
[White "Sadhwani, Raunak"]
[Black "Gupta, Abhijeet"]
[Result "1-0"]
[WhiteTitle "GM"]
[BlackTitle "GM"]
[WhiteElo "2616"]
[BlackElo "2628"]
[WhiteFideId "35093487"]
[BlackFideId "5010608"]
[EventDate "2022.03.31"]

1. d4 d5 2. Nf3 Nc6 3. c4 Bg4 4. cxd5 Bxf3 5. gxf3 Qxd5 6. e3 e5 7. Nc3 Bb4 8.
Bd2 Bxc3 9. bxc3 Qd6 10. Rb1 Nge7 11. Rxb7 O-O 12. Be2 Rab8 13. Rb3 f5 14. O-O
f4 15. Kh1 Kh8 16. Rxb8 Rxb8 17. Qc2 Rf8 18. Rg1 Ng6 19. Qe4 Nce7 20. Bc1 Nd5
21. Qc2 fxe3 22. fxe3 Qc6 23. c4 exd4 24. Qe4 Nb4 25. Ba3 Re8 26. Qxd4 Nc2 27.
Qc5 Qf6 28. Bc1 h6 29. Qh5 Nd4 30. Rxg6 Qe7 31. Bd3 Rd8 32. exd4 Rxd4 33. Bxh6 1-0

[Event "MPL Indian Chess Tour #1"]
[Site "chess24.com INT"]
[Date "2022.03.31"]
[Round "4.1"]
[White "Sethuraman, S.P."]
[Black "Gupta, Abhijeet"]
[Result "1/2-1/2"]
[WhiteTitle "GM"]
[BlackTitle "GM"]
[WhiteElo "2619"]
[BlackElo "2628"]
[WhiteFideId "5021596"]
[BlackFideId "5010608"]
[EventDate "2022.03.31"]

1. Nf3 d5 2. d4 Nc6 3. c4 Bg4 4. Nc3 e6 5. cxd5 exd5 6. Bg5 Be7 7. Bxe7 Ngxe7 8.
e3 O-O 9. Be2 a6 10. O-O Qd6 11. Rc1 Bh5 12. Qb3 Rab8 13. Na4 Nd8 14. Nc5 c6 15.
Rfe1 Ne6 16. Qa3 Bxf3 17. Bxf3 Nxc5 18. dxc5 Qf6 19. e4 dxe4 20. Rxe4 Ng6 21.
Rce1 h6 22. Qb4 Rfd8 23. h4 a5 24. Qc4 Qxb2 25. h5 Nf8 26. Rf4 Rd7 27. Bg4 Rc7
28. Bf5 Qd2 29. Re5 Qd1+ 30. Kh2 Qxh5+ 31. Rh4 Qd1 32. Rd4 Qh5+ 33. Kg1 Ng6 34.
Qd3 Rf8 35. Rd8 Rc8 36. Rxc8 Rxc8 37. Re3 Rf8 38. Qd7 Qg5 39. g3 Rd8 40. Re8+
Rxe8 41. Qxe8+ Nf8 42. Bc8 Qc1+ 43. Kg2 Qxc5 44. Bxb7 Qd5+ 45. Kg1 Qxa2 46. Bxc6
Qc4 47. Qa8 Qc5 48. Bd5 Qc7 49. Qa6 Nd7 50. Qa8+ Nb8 51. Be4 g5 52. Qd5 Nd7 53.
Qf5 Nf8 54. Qf6 Qc1+ 55. Kg2 Qc4 56. Bf3 Qe6 57. Qd4 Qa6 58. Bd5 a4 59. Bc4 Qc6+
60. Bd5 Qd7 61. Qc5 Ne6 62. Qa5 Qd8 63. Qd2 a3 64. Qa2 Qd6 65. Qc4 Kf8 66. Qc8+
Ke7 67. Qc4 Nc7 68. Bxf7 Kf6 69. Bg8 Ke7 70. Qe4+ Kd8 71. Qc4 Ne8 72. Be6 Ke7
73. Bd5 Nf6 74. Bf7 g4 75. Kg1 h5 76. Bg6 Kd8 77. Bf7 Qd1+ 78. Kh2 Qf3 79. Qd4+
Ke7 80. Bc4 Nd7 81. Kg1 Kd8 82. Qd6 Qc3 83. Be6 Qc1+ 84. Kh2 Qc7 85. Qxa3 Qb6
86. Qe3 Qxe3 87. fxe3 Nf6 88. Bf5 Ke7 89. Kg2 Kf7 90. Kf2 Ne8 91. Bd3 Kf6 92.
Bc2 Nd6 93. Bd3 Nf7 94. Be4 Ng5 95. Bd3 Ne6 96. Be4 Nc5 97. Bc2 Nd7 98. Be4 Nf8
99. Bd3 Ne6 100. Be4 Ng7 101. Bd3 Kg5 102. Be4 Ne8 103. Bd3 Nf6 104. Kg2 Nd7
105. Be4 Nc5 106. Bc2 Nd7 107. Be4 Nb6 108. Kf2 Kf6 109. Bd3 Na4 110. Bc2 Nc5
111. Kg2 Nd7 112. Kf2 Ne5 113. Be4 Ke6 114. Bc2 Kd6 115. Be4 Kc5 116. Ke2 Kb4
117. Bf5 Kc4 118. Be4 Kc3 119. Bf5 Kc4 120. Be4 Kc5 121. Bf5 Kd6 122. Be4 Ke6
123. Kf2 Kf6 124. Kg2 Kg5 125. Bd5 h4 126. gxh4+ Kxh4 127. Be6 g3 128. Bd5 Ng4
129. Bf3 Nxe3+ 130. Kg1 Kg5 131. Ba8 Kf4 132. Bc6 Nf5 133. Ba8 Kg4 134. Bc6 Nd4
135. Ba8 Ne2+ 136. Kg2 Nf4+ 137. Kg1 Kh3 138. Bf3 Nd3 139. Bg2+ Kh4 140. Bc6 Kg4
141. Bb7 Kf4 142. Bc6 Ne5 143. Bb7 Ng6 144. Ba8 Nh4 145. Bb7 Nf5 146. Ba8 Ne3
147. Bb7 Ng4 148. Ba8 Kg5 149. Bb7 Kh4 150. Bc6 Ne5 151. Bb7 Nd3 152. Bc6 Nf4
153. Bb7 Kh3 154. Bc8+ Kh4 155. Bb7 Kg4 156. Bc6 Kf5 157. Bb7 Ke5 158. Bc6 Kd4
159. Bb7 Ke3 160. Ba8 Ne2+ 161. Kg2 Kf4 162. Bb7 Nd4 163. Kg1 Nf3+ 164. Kg2 Nh4+
165. Kg1 1/2-1/2